00445pab a2200133 454500008004000000100001800040245015300058260000900211300001700220362000800237650002200245700002600267773001800293180718b2010 xxu||||| |||| 00| 0 eng d aPolese, Mario aChanges at the top: A cross-country examination over the 20th century of the rise (and fall) in rank of the top cities in national urban hierarchies c2010 ap.1843-1860. aAug aUrban development aDenis-Jacob, Jonathan aUrban Studies